000 nam a22 a 4500
999 _c785
_d785
005 20170505110845.0
008 170505b1987 my ||||| |||| 00| 0 eng d
040 _aAKMAL
082 _a291 BUC
090 _a291
_bBUC
100 _aBucaille, Maurice
_91625
245 _aAsal-usul manusia
_bmenurut bibel, al-Quran sains /
_cMaurice Bucaille ; penterjemah Rahmani Astuti ; Ilyas Hasan
260 _aBatu Caves
_bThinker's Library
_c1987
300 _a267ms.
_c21cm
500 _aTerjemahan dari: What is origin of man?: the answers of Science and holy scriptures. Ed. ke 3. Paris: Seghers, 1984
500 _aMula diterbitkan: Bandung: Penerbit Mizan, 1986
500 _aMengandungi ayat-ayat dari Quran
599 _aDALAM PROSES
650 _aReligion and science
_y1946-
_91705
650 _aEvolution
_xReligious aspects
_91706
650 _aMan
_xOrigin
_91707
700 _aAstuti, Rahmani
_91708
700 _aIlyas Hasan
_91709
942 _2ddc
_cBOOK